Jesucristo salvador, esperanza de los hombres, hoy / (Registro nro. 140044)

Detalles MARC
000 -LEADER
campo de control de longitud fija 01105nam a2200277 i 4500
001 - NÚMERO DE CONTROL
campo de control 140044
003 - IDENTIFICADOR DE NÚMERO DE CONTROL
campo de control ES-MaACL
005 - FECHA Y HORA DE LA ÚLTIMA TRANSACCIÓN
campo de control 20250820122448.0
007 - CAMPO FIJO DE DESCRIPCIÓN FÍSICA--INFORMACIÓN GENERAL
campo de control de longitud fija t|
008 - DATOS DE LONGITUD FIJA--INFORMACIÓN GENERAL
campo de control de longitud fija 070214s1969 sp |||| | spa d
111 2# - ENTRADA PRINCIPAL--NOMBRE DE CONGRESO/REUNIÓN
Nombre de congreso/reunión o jurisdicción como elemento de entrada Assemblee Pleniere de l'Episcopat Francais (
Fecha del congreso o de la firma del tratado 1968.
Sede del congreso/Lugar de la reunión Lourdes)
9 (RLIN) 167576
245 10 - MENCIÓN DEL TÍTULO
Título Jesucristo salvador, esperanza de los hombres, hoy /
Mención de responsabilidad, etc. Mons. Schmitt, Matagrin, Pailler ; Asamblea Plenaria del Episcopado Francés ; [traducción de Felipe Martín Hernández].
260 ## - PUBLICACIÓN, DISTRIBUCIÓN, ETC.
Lugar de publicación, distribución, etc. Madrid :
Nombre del editor, distribuidor, etc. Marova,
Fecha de publicación, distribución, etc. 1969.
300 ## - DESCRIPCIÓN FÍSICA
Extensión 185 p. ;
Dimensiones 21 cm.
490 1# - MENCIÓN DE SERIE
Mención de serie Christus Pastor: experiencias y estudios pastorales
650 #4 - PUNTO DE ACCESO ADICIONAL DE MATERIA--TÉRMINO DE MATERIA
Término de materia o nombre geográfico como elemento de entrada Cristianismo-
Subdivisión general Historia-
Subdivisión cronológica S.XX.
9 (RLIN) 160094
650 04 - PUNTO DE ACCESO ADICIONAL DE MATERIA--TÉRMINO DE MATERIA
Término de materia o nombre geográfico como elemento de entrada Salvación.
9 (RLIN) 16978
650 04 - PUNTO DE ACCESO ADICIONAL DE MATERIA--TÉRMINO DE MATERIA
Término de materia o nombre geográfico como elemento de entrada Fe.
9 (RLIN) 12734
700 0# - ENTRADA AGREGADA--NOMBRE PERSONAL
Nombre de persona Schmitt, Paul Joseph,
Títulos y otros términos asociados al nombre Eveque de Metz
9 (RLIN) 104523
700 1# - ENTRADA AGREGADA--NOMBRE PERSONAL
Nombre de persona Matagrin, Gabriel.
9 (RLIN) 78904
700 1# - ENTRADA AGREGADA--NOMBRE PERSONAL
Nombre de persona Pailler, André
Títulos y otros términos asociados al nombre , Archevêque de Rouen.
9 (RLIN) 220560
700 1# - ENTRADA AGREGADA--NOMBRE PERSONAL
Nombre de persona Martín Hernández, Felipe.
9 (RLIN) 77522
830 0# - PUNTO DE ACCESO ADICIONAL DE SERIE-TÍTULO UNIFORME
Título uniforme Christus Pastor: experiencias y estudios pastorales
9 (RLIN) 220288
852 ## - LOCALIZACIÓN
Ubicación ES-MaACL
Número de control de estantería C-36787
Existencias
Estatus retirado Estado de pérdida Estado de daño No para préstamo Biblioteca de origen Biblioteca actual Ubicación en estantería Fecha de adquisición Fuente de adquisición Total de préstamos Signatura topográfica completa Código de barras Visto por última vez Precio de reemplazo Tipo de ítem Koha
        Biblioteca del Ateneo de Madrid Biblioteca del Ateneo de Madrid Depósito 2 17/01/2008     C-36787 1145734 23/02/2023 23/02/2023 Libro impreso